Europejskie grupy geograficzne - Czwórki - Statystyki

Ogólne statystyki
  • Ten quiz został rozwiązany 95 razy
  • Średni wynik to 29 z 48
Statystyki odpowiedzi
Grupa Odpowiedź % Poprawnych
Kraje Wielkiej Brytanii Szkocja
100%
Kraje Wielkiej Brytanii Walia
99%
Kraje Wielkiej Brytanii Anglia
97%
Oficjalne języki Szwajcarii Niemiecki
95%
Kraje Wielkiej Brytanii Irlandia Północna
94%
Europejskie państwa na literę M Malta
92%
Oficjalne języki Szwajcarii Francuski
91%
Oficjalne języki Szwajcarii Włoski
89%
Europejskie państwa na literę M Mołdawia
85%
Stolice na Dunaju Budapeszt
84%
Europejskie państwa na literę M Macedonia Północna
82%
Państwa europejskie graniczące z Morzem Czarnym Ukraina
82%
Stolice na Dunaju Wiedeń
82%
Państwa europejskie graniczące z Morzem Czarnym Bułgaria
81%
Państwa europejskie graniczące z Morzem Czarnym Rumunia
81%
Najludniejsze obszary miejskie państw nordyckich Oslo
80%
Najludniejsze obszary miejskie państw nordyckich Sztokholm
80%
Najludniejsze obszary miejskie państw nordyckich Helsinki
78%
Europejskie państwa na literę M Monako
77%
Państwa europejskie graniczące z Morzem Czarnym Rosja
77%
Najdłuższe rzeki we Francji Sekwana
77%
Stolice na Dunaju Bratysława
76%
Najludniejsze obszary miejskie państw nordyckich Kopenhaga
76%
Największe Europejskie wyspy na Morzu Śródziemnym Sycylia
76%
Największe Europejskie wyspy na Morzu Śródziemnym Sardynia
75%
Europejskie miasta które ostatnio były gospodarzami Letnich IO Paryż
71%
Europejskie miasta które ostatnio były gospodarzami Letnich IO Londyn
65%
Największe Niemieckie Landy Bawaria
61%
Największe Europejskie wyspy na Morzu Śródziemnym Korsyka
58%
Największe Europejskie wyspy na Morzu Śródziemnym Kreta
58%
Morza Śródziemne graniczące z Włochami Adriatyckie
54%
Stolice na Dunaju Belgrad
53%
Najdłuższe rzeki we Francji Loara
52%
Europejskie miasta które ostatnio były gospodarzami Letnich IO Ateny
43%
Najwyższe góry Mont Blanc
41%
Europejskie miasta które ostatnio były gospodarzami Letnich IO Barcelona
38%
Oficjalne języki Szwajcarii Retoromański
33%
Morza Śródziemne graniczące z Włochami Tyrreńskie
30%
Najdłuższe rzeki we Francji Rodan
28%
Największe Niemieckie Landy Saksonia Dolna
27%
Morza Śródziemne graniczące z Włochami Jońskie
24%
Najwyższe góry Elbrus
23%
Morza Śródziemne graniczące z Włochami Liguryjskie
19%
Największe Niemieckie Landy Badenia-Wirtembergia
18%
Największe Niemieckie Landy Nadrenia Północna-Westfalia
18%
Najdłuższe rzeki we Francji Garonna
9%
Najwyższe góry Monte Rosa
4%
Najwyższe góry Grossglockner
1%
Nie znaleziono quizów pasujących do podanych kryteriów
Rozkład punktacji
Procent ludzi z każdym wynikiem
Percentyl według liczby udzielonych odpowiedzi
Twoja historia wyników
Nie rozwiązałeś tego quizu